| 000 | 00359nam a2200145Ia 4500 | ||
|---|---|---|---|
| 008 | 230917s9999||||xx |||||||||||||| ||und|| | ||
| 040 |
_e159988 _aMAIN |
||
| 041 | _aEnglish | ||
| 082 | _a338.4791 M293R | ||
| 100 | _aMishra, Lavkush | ||
| 245 | 0 | _aReligious tourism in India | |
| 260 |
_aDelhi _bMohit Publications _c2000 |
||
| 300 | _a233 p. | ||
| 942 | _cBK | ||
| 999 |
_c137718 _d137718 |
||